000 00425pab a2200157 454500
008 180718b2004 xxu||||| |||| 00| 0 eng d
100 _aJamwal, N.S.
245 _aBorder management: dilemma of guarding the India-Bangladesh border
260 _c2004
300 _ap.5-36.
362 _aJan-Mar
650 _aIndia - Boundaries - Bangladesh
650 _aBorder disputes
773 _aStrategic Analysis
909 _a60668
999 _c60668
_d60668